000 00700nam a2200241Ia 4500
003 OSt
005 20220926025130.0
006 a|||||r|||| 00| 0
007 ta
008 220923b |||||||| |||| 00| 0 eng d
020 _a0199260621
037 _cGeneral Book
040 _aRTL
_cRTL
_beng
041 _2eng
_aeng
082 _aX:8F, P4
100 _aLeuz Christian, and others
_9331941
245 0 _aEconomics and politics of accounting
_b Internation
260 _aOxford
_bOxford University Press
_c2004
300 _axxx,404p
_ccm.
500 _aBibliography chapterwise
942 _hX:8F, P4
_cGB
_2CC
999 _c646386
_d646386